000
00325nam a22001457a 4500
003
SGT
082
_a
615.53
_b
S12S
100
_a
SHARMA, SHREE RAM
245
_a
SADHANA SE SIDHI-1,2
260
_a
MATHURA
_b
AKHAND JYOTI SANSTHAN
_c
2012
300
_a
288
650
_a
AYURVEDA
653
_a
SADHANA , SIDHI
942
_2
ddc
_c
BK
999
_c
32277
_d
32277